|
|
|
|
| LEADER |
00000nab a2200000uu 4500 |
| 001 |
vtls010900759 |
| 003 |
SK-MaSNL |
| 005 |
20260303141823.0 |
| 008 |
230222|1972 xo |||||||||||||||||ger| |
| 015 |
|
|
|a SNBRB
|
| 035 |
|
|
|a (urnnbn)urn:nbn:sk:snk:ar-a07lzb
|
| 035 |
|
|
|a (uuid)04e952dc-f9a3-4927-852c-c3ee170e31ac
|
| 035 |
|
|
|a urn:nbn:sk:snk-ab8ses
|
| 040 |
|
|
|a SNKBUCL
|b slo
|c SNKBUCL
|e AACR2
|
| 041 |
0 |
|
|a ger
|
| 044 |
|
|
|a xo
|c SK
|
| 100 |
1 |
|
|a Bobák, P.
|4 aut
|9 1161647
|
| 245 |
1 |
0 |
|a Meteorologische Bedingungen der Ausbreitung von Exhalaten aus der Zementfabrik in Dvorníky
|c P. Bobák
|
| 773 |
0 |
|
|t Acta Facultatis rerum naturalium Universitatis Comenianae
|g Roč. 5, č. 5 (1972), s. 159-176
|
| 958 |
|
|
|a OND
|
| 958 |
|
|
|a EUIPO
|
| 958 |
|
|
|a article10
|
| 999 |
|
|
|c 1979033
|d 1980963
|